Povinnosti zamestnávateľov voči inštitúciám v oblasti mzdového účtovníctva
Časť I - Mesačné a štvrťročné spracovanie miezd. Pracovný list č.1 - Povinnosti zamestnávateľov pri mesačnom spracovaní miezd. Pracovný list č. 2 - Povinnosti zamestnávateľa pri štvrťročnom spracovaní miezd. 10 príloh a vzorové tlačivá.
Uložené v:
| Hlavný autor: | |
|---|---|
| Médium: | Kapitola |
| Jazyk: | Slovak |
| Predmet: | |
| Tagy: |
Žiadne tagy, Buďte prvý, kto otaguje tento záznam!
|
MARC
| LEADER | 00000naa a2200000 4500 | ||
|---|---|---|---|
| 001 | r047726 | ||
| 005 | 20231003090104.3 | ||
| 041 | 0 | |a slo | |
| 044 | |a SK | ||
| 245 | 1 | 0 | |a Povinnosti zamestnávateľov voči inštitúciám v oblasti mzdového účtovníctva |c Jolana Strýčková |
| 520 | |a Časť I - Mesačné a štvrťročné spracovanie miezd. Pracovný list č.1 - Povinnosti zamestnávateľov pri mesačnom spracovaní miezd. Pracovný list č. 2 - Povinnosti zamestnávateľa pri štvrťročnom spracovaní miezd. 10 príloh a vzorové tlačivá. | ||
| 610 | 2 | 0 | |a povinnosti zamestnávateľov |
| 610 | 2 | 0 | |a povinnosť oznamovacia |
| 610 | 2 | 0 | |a účtovníctvo mzdové |
| 610 | 2 | 0 | |a odvody |
| 100 | 1 | |a Strýčková, Jolana | |